[Event "Nord West Cup 05th"]
[Site "Bad Zwischenahn"]
[Date "2003.??.??"]
[Round "3"]
[White "Park, Heiko"]
[Black "Eickelkamp, Jan Hendrik"]
[Result "1-0"]
[WhiteElo "2034"]
[BlackElo "1572"]
[PlyCount "97"]
[EventDate "2003.02.??"]
[EventType "swiss"]
[EventRounds "7"]
[EventCountry "GER"]
[SourceTitle "EXT 2004"]
[Source "ChessBase"]
[SourceDate "2003.11.25"]
[SourceVersion "1"]
[SourceVersionDate "2003.11.25"]
[SourceQuality "1"]

1. f4 d5 2. Nf3 c5 3. e3 Nf6 4. b3 g6 5. Bb2 Bg7 6. Be2 0-0 7. 0-0 a6 8. a4 Nc6 9. Qc1 Bg4 10. Nc3 d4 11. Nd1 Ne8 12. Nf2 Bxf3 13. Bxf3 f5 14. Bxc6 bxc6 15. Rb1 Nd6 16. Nd3 c4 17. Ne5 cxb3 18. Bxd4 Bxe5 19. fxe5 bxc2 20. Qxc2 Ne4 21. d3 c5 22. Bb2 Ng5 23. Qc4+ e6 24. Rfd1 Qd5 25. Qxd5 exd5 26. Ba3 Rfc8 27. h4 Ne6 28. Rb6 Kf7 29. Rb7+ Kg8 30. Rc1 Rab8 31. Rxb8 Rxb8 32. Bxc5 Rc8 33. d4 f4 34. Kf2 Kf7 35. Kf3 g5 36. hxg5 fxe3 37. Kxe3 Kg6 38. Rf1 Rc6 39. Be7 Nxg5 40. Bxg5 Kxg5 41. Kd3 Rb6 42. a5 Rb3+ 43. Kc2 Re3 44. Kd2 Re4 45. Kd3 Rg4 46. Rf2 Rg3+ 47. Rf3 Rxg2 48. e6 Rg4 49. Re3 1-0